Teaching of the Qur`an (Record no. 2192)

MARC details
000 -LEADER
fixed length control field 00650nam a2200241 a 4500
020 ## - INTERNATIONAL STANDARD BOOK NUMBER
ISBN
082 00 - DEWEY DECIMAL CLASSIFICATION NUMBER
Classification number 297.1226
Author Cutter STA
100 ## - MAIN ENTRY--AUTHOR NAME
Author name Stanton, H U Weitbrecht
245 ## - TITLE STATEMENT
Title Teaching of the Qur`an
Sub title With an Account of Its Growth and a Subject Inde
260 ## - PUBLICATION, DISTRIBUTION, ETC. (IMPRINT)
Place of publication London
Name of publisher Central Board of Mission
Year of publication 1919
300 ## - PHYSICAL DESCRIPTION
Number of Pages 134p.
500 ## - GENERAL NOTE
General note includes index and biblioraphy
505 2# - FORMATTED CONTENTS NOTE
Formatted contents note Arabic-Urdu
650 ## - SUBJECT ADDED ENTRY--TOPICAL TERM
Topical Term Quran-Theology
942 ## - ADDED ENTRY ELEMENTS (KOHA)
Koha item type Books
700 1# -
-- Stanton, H U Weitbrecht
Holdings
Home library Current library Date acquired Cost, normal purchase price Full call number Accession Number Koha item type
Henry Martyn Institute Library Henry Martyn Institute Library   100.00 297.1226 STA 147 Archive Book
Henry Martyn Institute Library Henry Martyn Institute Library   100.00 297.1226 STA 148 Archive Book
Henry Martyn Institute Library Henry Martyn Institute Library   100.00 297.1226 STA 149 Archive Book
Henry Martyn Institute Library Henry Martyn Institute Library   100.00 297.1226 STA 3036 E-Books
                   Copyright © 2026 | Henry Martyn Institute | Hyderabad | TS-500052 | INDIA | Implemented by hmi.edu.in
Hit-Count:

Powered by Koha